Portugalin imperiumin nykyiset valtiot kartalla - Statistics

Yleistilastot
  • Tätä visaa on pelattu 482 kertaa
  • Keskiarvotulos 9 / 12
Vastaukset kartalla
Vastauksille on annettu kartalla punavihreä väri sen mukaan, kuinka moni on saanut sen oikein.
 
Vastaustilastot
Valtio % Oikein
Brasilia
99%
Portugali
94%
Uruguay
87%
Kap Verde
80%
Mosambik
78%
Angola
74%
São Tomé ja Príncipe
72%
Kiina (Macao)
63%
Malawi
57%
Itä-Timor
54%
Intia
53%
Guinea-Bissau
48%
Ehtoja vastaavia visoja ei löytynyt
Tulosjakauma
Jokaisen tuloksen saaneiden osuus
Persentiili vastausten määrän mukaan
Tuloshistoriasi
Et ole pelannut tätä visaa